Cirkusz [elbeszélés] /
Elmentve itt :
| Szerző: | |
|---|---|
| Dokumentumtípus: | Cikk |
| Megjelent: |
1946
|
| Sorozat: | Irodalom, tudomány : a Magyar-Szovjet Művelődési Társaság folyóirata
1 No. 5 |
| Kulcsszavak: | Magyar irodalom novella |
| Online Access: | http://misc.bibl.u-szeged.hu/3682 |
| LEADER | 00605nab a2200169 i 4500 | ||
|---|---|---|---|
| 001 | misc3682 | ||
| 005 | 20191106141850.0 | ||
| 008 | 170607s1946 hu o 0|| hun d | ||
| 040 | |a SZTE Miscellanea Repozitórium |b hun | ||
| 041 | |a hun | ||
| 100 | 1 | |a Örkény István | |
| 245 | 1 | 0 | |a Cirkusz |h [elektronikus dokumentum] : |b [elbeszélés] / |c Örkény István |
| 260 | |c 1946 | ||
| 300 | |a 65-83 | ||
| 490 | 0 | |a Irodalom, tudomány : a Magyar-Szovjet Művelődési Társaság folyóirata |v 1 No. 5 | |
| 695 | |a Magyar irodalom novella | ||
| 856 | 4 | 0 | |u http://misc.bibl.u-szeged.hu/3682/1/irtud_005_065-083.pdf |z Dokumentum-elérés |